<?xml version="1.0" encoding="UTF-8"?>
<record
    xmlns:xsi="http://www.w3.org/2001/XMLSchema-instance"
    xsi:schemaLocation="http://www.loc.gov/MARC21/slim http://www.loc.gov/standards/marcxml/schema/MARC21slim.xsd"
    xmlns="http://www.loc.gov/MARC21/slim">

  <leader>02458nam0a2200385   4500</leader>
  <controlfield tag="001">RU\NLR\BIBL_A\012103637</controlfield>
  <controlfield tag="005">20260407114718.0</controlfield>
  <datafield tag="035" ind1=" " ind2=" ">
    <subfield code="a">(NLR Aleph) 012103637</subfield>
  </datafield>
  <datafield tag="090" ind1=" " ind2=" ">
    <subfield code="a">11920103</subfield>
    <subfield code="c">11920103</subfield>
  </datafield>
  <datafield tag="100" ind1=" " ind2=" ">
    <subfield code="a">20190930d1896    |||y0rusy50      ca</subfield>
  </datafield>
  <datafield tag="101" ind1="0" ind2=" ">
    <subfield code="a">rus</subfield>
  </datafield>
  <datafield tag="102" ind1=" " ind2=" ">
    <subfield code="a">RU</subfield>
  </datafield>
  <datafield tag="105" ind1=" " ind2=" ">
    <subfield code="a">y   z   000zy</subfield>
  </datafield>
  <datafield tag="200" ind1="1" ind2=" ">
    <subfield code="a">&#x413;&#x43E;&#x441;&#x43F;&#x43E;&#x434;&#x438;&#x43D;&#x443; &#x41C;&#x438;&#x43D;&#x438;&#x441;&#x442;&#x440;&#x443; &#x424;&#x438;&#x43D;&#x430;&#x43D;&#x441;&#x43E;&#x432;</subfield>
    <subfield code="f">&#x41C;&#x438;&#x43D;&#x438;&#x441;&#x442;&#x440; &#x418;&#x43C;&#x43F;&#x435;&#x440;&#x430;&#x442;&#x43E;&#x440;&#x441;&#x43A;&#x43E;&#x433;&#x43E; &#x414;&#x432;&#x43E;&#x440;&#x430;. 10 &#x430;&#x43F;&#x440;&#x435;&#x43B;&#x44F; 1896 &#x433;. &#x2116; 4930. &#x41D;&#x430; &#x2116; 2548</subfield>
  </datafield>
  <datafield tag="210" ind1=" " ind2=" ">
    <subfield code="a">[&#x421;&#x430;&#x43D;&#x43A;&#x442;-&#x41F;&#x435;&#x442;&#x435;&#x440;&#x431;&#x443;&#x440;&#x433;</subfield>
    <subfield code="c">&#x431;. &#x438;.]</subfield>
    <subfield code="d">1896</subfield>
  </datafield>
  <datafield tag="215" ind1=" " ind2=" ">
    <subfield code="a">4 &#x441;.</subfield>
    <subfield code="d">35</subfield>
  </datafield>
  <datafield tag="300" ind1=" " ind2=" ">
    <subfield code="a">&#x422;&#x435;&#x43A;&#x441;&#x442; &#x43D;&#x430;&#x447;&#x438;&#x43D;&#x430;&#x435;&#x442;&#x441;&#x44F; &#x441;&#x43B;&#x43E;&#x432;&#x430;&#x43C;&#x438;: &#x412; &#x43F;&#x440;&#x438;&#x441;&#x43B;&#x430;&#x43D;&#x43D;&#x43E;&#x43C; &#x43D;&#x430; &#x43C;&#x43E;&#x435; &#x437;&#x430;&#x43A;&#x43B;&#x44E;&#x447;&#x435;&#x43D;&#x438;&#x435; &#x43F;&#x440;&#x43E;&#x435;&#x43A;&#x442;&#x435; &#x43E; &#x437;&#x430;&#x43C;&#x435;&#x43D;&#x435; &#x432;&#x437;&#x438;&#x43C;&#x430;&#x435;&#x43C;&#x44B;&#x445; &#x432; &#x421;&#x438;&#x431;&#x438;&#x440;&#x438; &#x43F;&#x43E;&#x434;&#x443;&#x448;&#x43D;&#x44B;&#x445; &#x43F;&#x43E;&#x434;&#x430;&#x442;&#x435;&#x439; ...</subfield>
  </datafield>
  <datafield tag="300" ind1=" " ind2=" ">
    <subfield code="a">&#x412; &#x43A;&#x43E;&#x43D;&#x446;&#x435; &#x442;&#x435;&#x43A;&#x441;&#x442;&#x430;: &#x41F;&#x43E;&#x434;&#x43F;&#x438;&#x441;&#x430;&#x43B;: &#x41C;&#x438;&#x43D;&#x438;&#x441;&#x442;&#x440; &#x418;&#x43C;&#x43F;&#x435;&#x440;&#x430;&#x442;&#x43E;&#x440;&#x441;&#x43A;&#x43E;&#x433;&#x43E; &#x414;&#x432;&#x43E;&#x440;&#x430;, &#x413;&#x435;&#x43D;&#x435;&#x440;&#x430;&#x43B;-&#x410;&#x434;&#x44A;&#x44E;&#x442;&#x430;&#x43D;&#x442; &#x413;&#x440;. &#x412;&#x43E;&#x440;&#x43E;&#x43D;&#x446;&#x43E;&#x432;-&#x414;&#x430;&#x448;&#x43A;&#x43E;&#x432;; &#x421;&#x43A;&#x440;&#x435;&#x43F;&#x438;&#x43B;: &#x417;&#x430;&#x432;&#x435;&#x434;&#x44B;&#x432;&#x430;&#x44E;&#x449;&#x438;&#x439; &#x417;&#x435;&#x43C;&#x435;&#x43B;&#x44C;&#x43D;&#x43E;-&#x417;&#x430;&#x432;&#x43E;&#x434;&#x441;&#x43A;&#x438;&#x43C; &#x41E;&#x442;&#x434;&#x435;&#x43B;&#x43E;&#x43C; &#x41A;&#x430;&#x431;&#x438;&#x43D;&#x435;&#x442;&#x430; &#x415;&#x433;&#x43E; &#x418;&#x43C;&#x43F;&#x435;&#x440;&#x430;&#x442;&#x43E;&#x440;&#x441;&#x43A;&#x43E;&#x433;&#x43E; &#x412;&#x435;&#x43B;&#x438;&#x447;&#x435;&#x441;&#x442;&#x432;&#x430; &#x421;&#x442;&#x435;&#x432;&#x435;&#x43D;; &#x412;&#x435;&#x440;&#x43D;&#x43E;: &#x41D;&#x430;&#x447;&#x430;&#x43B;&#x44C;&#x43D;&#x438;&#x43A; &#x41E;&#x442;&#x434;&#x435;&#x43B;&#x435;&#x43D;&#x438;&#x44F; &#x41B;&#x430;&#x441;&#x442;&#x43E;&#x447;&#x43A;&#x438;&#x43D;</subfield>
  </datafield>
  <datafield tag="309" ind1=" " ind2=" ">
    <subfield code="a">&#x411;&#x435;&#x437; &#x442;&#x438;&#x442;. &#x43B;. &#x438; &#x43E;&#x431;&#x43B;.</subfield>
  </datafield>
  <datafield tag="309" ind1=" " ind2=" ">
    <subfield code="a">&#x41A;&#x43E;&#x43F;&#x438;&#x44F;</subfield>
  </datafield>
  <datafield tag="517" ind1="1" ind2=" ">
    <subfield code="a">&#x412; &#x43F;&#x440;&#x438;&#x441;&#x43B;&#x430;&#x43D;&#x43D;&#x43E;&#x43C; &#x43D;&#x430; &#x43C;&#x43E;&#x435; &#x437;&#x430;&#x43A;&#x43B;&#x44E;&#x447;&#x435;&#x43D;&#x438;&#x435; &#x43F;&#x440;&#x43E;&#x435;&#x43A;&#x442;&#x435; &#x43E; &#x437;&#x430;&#x43C;&#x435;&#x43D;&#x435; &#x432;&#x437;&#x438;&#x43C;&#x430;&#x435;&#x43C;&#x44B;&#x445; &#x432; &#x421;&#x438;&#x431;&#x438;&#x440;&#x438; &#x43F;&#x43E;&#x434;&#x443;&#x448;&#x43D;&#x44B;&#x445; &#x43F;&#x43E;&#x434;&#x430;&#x442;&#x435;&#x439; ...</subfield>
  </datafield>
  <datafield tag="606" ind1="1" ind2=" ">
    <subfield code="a">&#x41F;&#x43E;&#x434;&#x443;&#x448;&#x43D;&#x430;&#x44F; &#x43F;&#x43E;&#x434;&#x430;&#x442;&#x44C;</subfield>
    <subfield code="j">&#x414;&#x43E;&#x43A;&#x443;&#x43C;&#x435;&#x43D;&#x442;&#x44B; &#x438; &#x43C;&#x430;&#x442;&#x435;&#x440;&#x438;&#x430;&#x43B;&#x44B;</subfield>
    <subfield code="y">&#x420;&#x43E;&#x441;&#x441;&#x438;&#x44F;</subfield>
    <subfield code="9">2593408</subfield>
    <subfield code="3">RU\NLR\AUTH\6601742127</subfield>
  </datafield>
  <datafield tag="686" ind1="3" ind2=" ">
    <subfield code="a">&#x423;26(28)141.319.219,011</subfield>
  </datafield>
  <datafield tag="686" ind1="3" ind2=" ">
    <subfield code="a">&#x425;2(2)46-512,011</subfield>
  </datafield>
  <datafield tag="702" ind1=" " ind2="1">
    <subfield code="4">720</subfield>
    <subfield code="8">rus</subfield>
    <subfield code="7">ca</subfield>
    <subfield code="a">&#x412;&#x43E;&#x440;&#x43E;&#x43D;&#x446;&#x43E;&#x432;-&#x414;&#x430;&#x448;&#x43A;&#x43E;&#x432;</subfield>
    <subfield code="b">&#x418;. &#x418;.</subfield>
    <subfield code="f">1837-1916</subfield>
    <subfield code="g">&#x418;&#x43B;&#x43B;&#x430;&#x440;&#x438;&#x43E;&#x43D; &#x418;&#x432;&#x430;&#x43D;&#x43E;&#x432;&#x438;&#x447;</subfield>
    <subfield code="3">RU\NLR\AUTH\7774738</subfield>
    <subfield code="9">57666</subfield>
  </datafield>
  <datafield tag="702" ind1=" " ind2="1">
    <subfield code="4">720</subfield>
    <subfield code="7">ca</subfield>
    <subfield code="8">rus</subfield>
    <subfield code="a">&#x421;&#x442;&#x435;&#x432;&#x435;&#x43D;</subfield>
    <subfield code="b">&#x410;. &#x425;.</subfield>
    <subfield code="c">&#x433;&#x43E;&#x441;. &#x447;&#x438;&#x43D;&#x43E;&#x432;&#x43D;&#x438;&#x43A;</subfield>
    <subfield code="f">1844-1910</subfield>
    <subfield code="g">&#x410;&#x43B;&#x435;&#x43A;&#x441;&#x430;&#x43D;&#x434;&#x440; &#x425;&#x440;&#x438;&#x441;&#x442;&#x438;&#x430;&#x43D;&#x43E;&#x432;&#x438;&#x447;</subfield>
    <subfield code="9">211982</subfield>
    <subfield code="3">RU\NLR\AUTH\770212038</subfield>
  </datafield>
  <datafield tag="702" ind1=" " ind2="1">
    <subfield code="a">&#x41B;&#x430;&#x441;&#x442;&#x43E;&#x447;&#x43A;&#x438;&#x43D;</subfield>
    <subfield code="c">&#x433;&#x43E;&#x441;. &#x447;&#x438;&#x43D;&#x43E;&#x432;&#x43D;&#x438;&#x43A;</subfield>
    <subfield code="4">720</subfield>
  </datafield>
  <datafield tag="712" ind1="0" ind2="1">
    <subfield code="a">&#x420;&#x43E;&#x441;&#x441;&#x438;&#x44F;</subfield>
    <subfield code="b">&#x41C;&#x438;&#x43D;&#x438;&#x441;&#x442;&#x435;&#x440;&#x441;&#x442;&#x432;&#x43E; &#x444;&#x438;&#x43D;&#x430;&#x43D;&#x441;&#x43E;&#x432;</subfield>
    <subfield code="3">RU\NLR\AUTH\889947360</subfield>
    <subfield code="9">390360</subfield>
  </datafield>
  <datafield tag="712" ind1="0" ind2="1">
    <subfield code="4">570</subfield>
    <subfield code="a">&#x420;&#x43E;&#x441;&#x441;&#x438;&#x44F;</subfield>
    <subfield code="b">&#x41C;&#x438;&#x43D;&#x438;&#x441;&#x442;&#x435;&#x440;&#x441;&#x442;&#x432;&#x43E; &#x418;&#x43C;&#x43F;&#x435;&#x440;&#x430;&#x442;&#x43E;&#x440;&#x441;&#x43A;&#x43E;&#x433;&#x43E; &#x434;&#x432;&#x43E;&#x440;&#x430; &#x438; &#x443;&#x434;&#x435;&#x43B;&#x43E;&#x432;</subfield>
    <subfield code="3">RU\NLR\AUTH\889943471</subfield>
    <subfield code="9">382087</subfield>
  </datafield>
  <datafield tag="852" ind1=" " ind2=" ">
    <subfield code="a">NLR</subfield>
    <subfield code="j">135/294-320(54-1)</subfield>
  </datafield>
  <datafield tag="942" ind1=" " ind2=" ">
    <subfield code="c">BOOK</subfield>
  </datafield>
  <datafield tag="980" ind1=" " ind2=" ">
    <subfield code="a">NB</subfield>
  </datafield>
</record>
